000 00835nam a22002297a 4500
001 76342
003 BD-RjUL
005 20211209082828.0
008 191126s2019 bg ||||| |||| 00| 0 eng d
020 _a9789849341352
035 _a(BD-RjUL)76563
040 _aBD-RjUL
_bben
_cBD-RjUL
041 _aben
082 _223
_a954.9205092
_bMUB 2019
100 _aমোরশেদ, হাসান
_9235525
245 1 0 _aবঙ্গবন্ধুর নীতি নৈতিকতা /
_cহাসান মোরশেদ
260 _aসিলেট :
_bচৈতন্য,
_c২০১৯
300 _a১৭৯ পৃ.;
_c২৩ সেমি.
600 _aমুজিবুর রহমান,
_cশেখ,
_d১৯২০-১৯৭৫
_9235530
600 _aMujibur Rahman,
_c Shaikh,
_d1920-1975
_9235531
942 _2ddc
_cBK
999 _c76342
_d76342